Normal view
MARC view
- عدنان عابدين
Entry Personal Name
001 - CONTROL NUMBER
- control field: 27529
003 - CONTROL NUMBER IDENTIFIER
- control field: JO-AjAnu
005 - DATE AND TIME OF LATEST TRANSACTION
- control field: 20230606074657.0
008 - FIXED-LENGTH DATA ELEMENTS
- fixed length control field: 230606|| aca||aabn | a|a d
040 ## - CATALOGING SOURCE
- Original cataloging agency: JO-AjAnu
- Transcribing agency: JO-AjAnu
100 ## - HEADING--PERSONAL NAME
- Personal name: عدنان عابدين
670 ## - SOURCE DATA FOUND
- Source citation: Work cat.: (JO-AjAnu)14137: عدنان عابدين, author, معجم مصطلحات المحاسبة المالية و الإدارية : إنكليزي - عربي : مع مسردين إنكليزي - عربي و عربي - إنكليزي